Los déficits gemelos: el déficit externo y el déficit público/
sin resumen
Сохранить в:
| Главный автор: | |
|---|---|
| Формат: | Текст |
| Язык: | Spanish |
| Метки: |
Добавить метку
Нет меток, Требуется 1-ая метка записи!
|
MARC
| LEADER | 00000 a a2200000 04500 | ||
|---|---|---|---|
| 003 | cru CIDCACS/IIS | ||
| 005 | 20201119135303.0 | ||
| 008 | 201119b ||||| |||| 00| 0 spa d | ||
| 999 | |c 43518 |d 43518 | ||
| 040 | |c CRAI/IIS | ||
| 100 | 1 | |a Grain Roberts, Paul |9 9743 | |
| 245 | 1 | 4 | |a Los déficits gemelos: |b el déficit externo y el déficit público/ |c Paul Grain Roberts |
| 300 | |a páginas 59-62 | ||
| 520 | |a sin resumen | ||
| 773 | 0 | |0 43517 |9 5066 |a Universidad Nacional de Colombia. |d Medellín, Colombia: Universidad Nacional de Colombia. Facultad de Ciencias Humanas. Departamento de Economía 1990- |o MFN: 1775 |t Ensayos de Economía / |x 0121-117X | |
| 942 | |2 ddc |c PP | ||
